000 00380nam a22001697a 4500
999 _c10941
_d10941
003 OSt
008 210915b ||||| |||| 00| 0 eng d
020 _a9781787013889
082 _a919.400222
_bIOA
100 _aBAIN, Andrew
245 _aLonely Planet Australia
250 _a20th
260 _bLonely Pub.
_c2019
300 _a1100
650 _aYearbook
942 _2ddc
_cBK